[Event "MVP-ch Seniors op 18th"]
[Site "Ostseebad Binz"]
[Date "2018.12.03"]
[Round "6"]
[White "Barlo, Werner"]
[Black "Schwetje, Siegfried"]
[Result "1/2-1/2"]
[WhiteElo "1730"]
[BlackElo "1889"]
[PlyCount "80"]
[EventDate "2018.11.28"]
[EventType "swiss"]
[EventRounds "9"]
[EventCountry "GER"]
[SourceTitle "CBM 188 Extra"]
[Source "ChessBase"]
[SourceDate "2019.02.28"]
[SourceVersion "1"]
[SourceVersionDate "2019.02.28"]
[SourceQuality "1"]

1. Nf3 d5 2. d4 Nf6 3. c4 e6 4. Nc3 c6 5. cxd5 exd5 6. Bg5 Be7 7. e3 h6 8. Bh4 Bf5 9. Bd3 Bxd3 10. Qxd3 Nbd7 11. h3 Nh5 12. Bxe7 Qxe7 13. 0-0 Nhf6 14. Rfe1 Ne4 15. a3 0-0 16. Nd2 f5 17. Ne2 Rae8 18. Nb3 Nb6 19. Nd2 Nxd2 20. Qxd2 Nc4 21. Qc3 g5 22. Nc1 Qg7 23. Nd3 Re7 24. a4 Rfe8 25. b3 Nd6 26. Ne5 Ne4 27. Qc2 Rf8 28. Kh2 h5 29. f3 Nd6 30. Qe2 h4 31. Rg1 Qh6 32. Raf1 Rg7 33. g3 Rf6 34. g4 f4 35. Qd2 Re7 36. Kg2 fxe3 37. Qxe3 Rf4 38. Qd3 Re6 39. Rf2 Qf6 40. Rgf1 Kg7 1/2-1/2

[Event "Schleswig Holstein-ch Seniors op 11th"]
[Site "Buesum"]
[Date "2017.09.08"]
[Round "1"]
[White "Baumast, Bernd"]
[Black "Schwetje, Siegfried"]
[Result "1/2-1/2"]
[WhiteElo "1583"]
[BlackElo "1930"]
[PlyCount "55"]
[EventDate "2017.09.08"]
[EventType "swiss"]
[EventRounds "9"]
[EventCountry "GER"]
[SourceTitle "EXT 2019"]
[Source "ChessBase"]
[SourceDate "2018.10.10"]
[SourceVersion "1"]
[SourceVersionDate "2018.10.10"]
[SourceQuality "1"]

1. b4 d5 2. Bb2 Bf5 3. e3 e6 4. c4 Nf6 5. b5 Nbd7 6. Nf3 Bd6 7. Nd4 Bg6 8. Be2 0-0 9. 0-0 Qc8 10. f4 c5 11. f5 exf5 12. Nxf5 Qc7 13. Nxd6 Qxd6 14. Bxf6 Nxf6 15. d3 dxc4 16. dxc4 Qe5 17. Nd2 Qxe3+ 18. Kh1 Rad8 19. Bf3 Qxd2 20. Qxd2 Rxd2 21. Bxb7 Re8 22. a4 Ree2 23. a5 Ra2 24. b6 Ne4 25. Bd5 Rxg2 26. Rxa2 Rxa2 27. b7 Rb2 28. Ra1 1/2-1/2

[Event "Niedersachsen-ch op"]
[Site "Verden"]
[Date "2016.01.03"]
[Round "1"]
[White "Jung, Gerald"]
[Black "Schwetje, Siegfried"]
[Result "1/2-1/2"]
[WhiteElo "1949"]
[BlackElo "1900"]
[PlyCount "31"]
[EventDate "2016.01.03"]
[EventType "swiss"]
[EventRounds "7"]
[EventCountry "GER"]
[SourceTitle "EXT 2018"]
[Source "ChessBase"]
[SourceDate "2017.10.13"]
[SourceVersion "1"]
[SourceVersionDate "2017.10.13"]
[SourceQuality "1"]

1. e4 e5 2. Nc3 Nf6 3. f4 d6 4. Nf3 Bg4 5. Bc4 Nbd7 6. 0-0 Be7 7. d4 0-0 8. h3 Bxf3 9. Rxf3 c6 10. Be3 b5 11. dxe5 dxe5 12. Bd3 Re8 13. f5 Bc5 14. Qe1 Bxe3+ 15. Qxe3 Qb6 16. Rd1 1/2-1/2

[Event "Schleswig Holstein-ch Seniors op 9th"]
[Site "Buesum"]
[Date "2015.10.02"]
[Round "5"]
[White "Schwetje, Siegfried"]
[Black "Graffenberger, Wilhelm"]
[Result "1/2-1/2"]
[WhiteElo "1906"]
[BlackElo "1730"]
[PlyCount "97"]
[EventDate "2015.09.28"]
[EventType "swiss"]
[EventRounds "9"]
[EventCountry "GER"]
[SourceTitle "EXT 2018"]
[Source "ChessBase"]
[SourceDate "2017.10.13"]
[SourceVersion "1"]
[SourceVersionDate "2017.10.13"]
[SourceQuality "1"]

1. d4 Nf6 2. c4 c5 3. e3 cxd4 4. exd4 g6 5. Nc3 Bg7 6. Nf3 0-0 7. Be2 d5 8. h3 Nc6 9. 0-0 Bf5 10. Be3 Nb4 11. Rc1 Ne4 12. a3 Nxc3 13. Rxc3 Nc6 14. Qd2 Re8 15. Rd1 Rc8 16. cxd5 Qxd5 17. Bc4 Qd8 18. Bb5 Qa5 19. Qe2 Be4 20. Bc4 Bd5 21. Rdc1 e6 22. b4 Qd8 23. Bb5 a6 24. Bxc6 Rxc6 25. Rxc6 Bxc6 26. Ne5 Bxe5 27. dxe5 Qd5 28. f4 Qb3 29. Ra1 Bb5 30. Qd2 Rc8 31. Bc5 Qc4 32. Rd1 h5 33. Qf2 Qb3 34. Ra1 Qc3 35. Bd4 Qc4 36. Be3 Qe4 37. Ra2 Qb1+ 38. Kh2 Qe4 39. Bc5 Bc6 40. Rd2 Bd5 41. a4 Kh7 42. a5 g5 43. Rd4 Qf5 44. Qe3 Rg8 45. g3 Qb1 46. Rxd5 exd5 47. fxg5 Qc2+ 48. Kg1 Qb1+ 49. Kh2 1/2-1/2

[Event "Bad Harzburg op"]
[Site "Bad Harzburg"]
[Date "2007.10.25"]
[Round "4"]
[White "Schwetje, Siegfried"]
[Black "Just, Joachim"]
[Result "1/2-1/2"]
[WhiteElo "1971"]
[BlackElo "2098"]
[PlyCount "41"]
[EventDate "2007.10.23"]
[EventType "swiss"]
[EventRounds "7"]
[EventCountry "GER"]
[SourceTitle "EXT 2009"]
[Source "ChessBase"]
[SourceDate "2008.11.26"]
[SourceVersion "1"]
[SourceVersionDate "2008.11.26"]
[SourceQuality "1"]

1. e4 e6 2. d4 d5 3. exd5 exd5 4. Bf4 Bd6 5. Bxd6 Qxd6 6. Bd3 Nc6 7. c3 Nge7 8. Nf3 Bf5 9. Bxf5 Nxf5 10. Qe2+ Qe7 11. Qxe7+ Kxe7 12. 0-0 f6 13. Nbd2 Rhe8 14. Rfe1+ Kf7 15. Kf1 Nd6 16. h3 g6 17. Rxe8 Rxe8 18. Re1 Re6 19. Re2 h5 20. Ne1 Rxe2 21. Kxe2 1/2-1/2

[Event "Apolda op 16th"]
[Site "Apolda"]
[Date "2007.08.24"]
[Round "2"]
[White "Reyer, Ulli"]
[Black "Schwetje, Siegfried"]
[Result "1-0"]
[WhiteElo "2200"]
[BlackElo "1986"]
[PlyCount "111"]
[EventDate "2007.08.23"]
[EventType "swiss"]
[EventRounds "7"]
[EventCountry "GER"]
[SourceTitle "CBM 120 Extra"]
[Source "ChessBase"]
[SourceDate "2007.11.01"]
[SourceVersion "1"]
[SourceVersionDate "2007.11.01"]
[SourceQuality "1"]

1. e4 c5 2. Nf3 Nc6 3. Bb5 d6 4. 0-0 Bd7 5. c3 Nf6 6. Re1 e6 7. d4 cxd4 8. cxd4 a6 9. Bf1 e5 10. Nc3 Be7 11. d5 Na7 12. a4 b5 13. axb5 Nxb5 14. Qb3 Nxc3 15. Qxc3 a5 16. Bd2 a4 17. Qa3 0-0 18. Bd3 Re8 19. Bc2 Qb6 20. Qb4 Qxb4 21. Bxb4 Reb8 22. Ba3 Kf8 23. Bd3 Ne8 24. Nd2 Bd8 25. Nc4 Be7 26. Rac1 Rb3 27. Red1 g6 28. Be2 f6 29. Rd3 Rxd3 30. Bxd3 Rb8 31. Na5 Ra8 32. Nc6 Bd8 33. Bb5 Bxc6 34. Bxc6 Ra7 35. Rc4 Ke7 36. Rxa4 Rxa4 37. Bxa4 Nc7 38. Kf1 Na6 39. Ke2 Ba5 40. Bb5 Nc7 41. Bc4 Bb6 42. b3 Bd4 43. f3 Na8 44. Kd3 Kd7 45. Bb4 Kc7 46. Be1 g5 47. h4 h6 48. h5 Nb6 49. g3 Kd7 50. Bb5+ Kc7 51. f4 Bg1 52. Bd2 Bf2 53. fxg5 fxg5 54. Bxg5 Nd7 55. Bxd7 Kxd7 56. g4 1-0

[Event "Wilhelm Werner Memorial-H 31st"]
[Site "Bockenem"]
[Date "2006.05.28"]
[Round "7"]
[White "Schwetje, Siegfried"]
[Black "Holloway, Timo"]
[Result "0-1"]
[WhiteElo "1762"]
[BlackElo "1932"]
[PlyCount "89"]
[EventDate "2006.05.??"]
[EventType "swiss"]
[EventRounds "7"]
[EventCountry "GER"]
[SourceTitle "EXT 2008"]
[Source "ChessBase"]
[SourceDate "2007.11.25"]
[SourceVersion "1"]
[SourceVersionDate "2007.11.25"]
[SourceQuality "1"]

1. e4 c5 2. Nf3 Nc6 3. d4 cxd4 4. Nxd4 g6 5. Be3 Bg7 6. c3 Nf6 7. Nd2 0-0 8. Be2 d5 9. f3 dxe4 10. Nxc6 bxc6 11. Nxe4 Qc7 12. 0-0 Rd8 13. Qc2 Nd5 14. Bf2 Bf5 15. Rfd1 Rab8 16. Rab1 Bh6 17. Rd3 a5 18. Rbd1 Qb7 19. b3 Qc7 20. a3 Bf4 21. c4 Bxe4 22. fxe4 Nf6 23. Rxd8+ Rxd8 24. Rxd8+ Qxd8 25. g3 Be5 26. a4 Bd4 27. Qd3 Bxf2+ 28. Kxf2 Qxd3 29. Bxd3 Nd7 30. Ke3 Kf8 31. Kf4 f6 32. h4 e5+ 33. Ke3 Ke7 34. Be2 Nc5 35. Bd1 Kd6 36. g4 Ne6 37. h5 Kc5 38. hxg6 hxg6 39. Kd3 Kb4 40. Kc2 Nc5 41. Kb2 Nxe4 42. Bc2 f5 43. Bxe4 fxe4 44. Kc2 e3 45. g5 0-1

[Event "Bad Ems op"]
[Site "Bad Ems"]
[Date "2006.03.05"]
[Round "2"]
[White "Schuelke, Tilman"]
[Black "Schwetje, Siegfried"]
[Result "1-0"]
[WhiteElo "1959"]
[BlackElo "2034"]
[PlyCount "111"]
[EventDate "2006.03.04"]
[EventType "swiss"]
[EventRounds "9"]
[EventCountry "GER"]
[SourceTitle "EXT 2007"]
[Source "ChessBase"]
[SourceDate "2006.11.23"]
[SourceVersion "1"]
[SourceVersionDate "2006.11.23"]
[SourceQuality "1"]

1. g3 g6 2. Bg2 Bg7 3. Nf3 d5 4. d3 Nf6 5. 0-0 0-0 6. Nbd2 Re8 7. c3 e5 8. e4 dxe4 9. dxe4 c5 10. Qc2 Nc6 11. Nc4 Qe7 12. Rd1 Bg4 13. h3 Bxf3 14. Bxf3 Red8 15. Rxd8+ Rxd8 16. Kg2 Qe6 17. Ne3 Qd6 18. Be2 a6 19. Nc4 Qe7 20. Be3 h6 21. Nd2 Kh7 22. f4 Re8 23. f5 Bf8 24. Rf1 Ng8 25. g4 g5 26. Rh1 Bg7 27. a3 Bf6 28. Bc4 Kg7 29. Ba2 Rd8 30. Bd5 Rc8 31. Rd1 b6 32. a4 Qc7 33. Nb3 a5 34. Nd2 Bd8 35. Qb3 Nf6 36. Nf3 Ne7 37. Nd2 Nexd5 38. exd5 Qd7 39. c4 Qd6 40. Qc3 Bc7 41. Rh1 Re8 42. Nf1 Qe7 43. Ng3 Kg8 44. Qd2 Qd6 45. Qe2 e4 46. Nf1 Kg7 47. h4 Nh7 48. Qf2 Bd8 49. Ng3 Kf8 50. hxg5 Bxg5 51. Nf1 Kg7 52. Rh2 Nf6 53. Qg3 Re5 54. Bxg5 hxg5 55. Ne3 Kf8 56. Rh8+ 1-0

[Event "Bad Ems op"]
[Site "Bad Ems"]
[Date "2006.03.04"]
[Round "1"]
[White "Schwetje, Siegfried"]
[Black "Chetverik, Maxim"]
[Result "0-1"]
[WhiteElo "2034"]
[BlackElo "2303"]
[PlyCount "88"]
[EventDate "2006.03.04"]
[EventType "swiss"]
[EventRounds "9"]
[EventCountry "GER"]
[SourceTitle "EXT 2007"]
[Source "ChessBase"]
[SourceDate "2006.11.23"]
[SourceVersion "1"]
[SourceVersionDate "2006.11.23"]
[SourceQuality "1"]

1. e4 a6 2. d4 b5 3. c4 Bb7 4. f3 e5 5. Be3 f5 6. exf5 Nh6 7. Qc2 Qh4+ 8. Bf2 Qf6 9. dxe5 Qxe5+ 10. Qe2 Bd6 11. Nd2 Nxf5 12. 0-0-0 Kd8 13. Qxe5 Bxe5 14. Bd3 Nd6 15. c5 Nf7 16. Nh3 Nc6 17. Be4 Na5 18. f4 Bf6 19. Bxb7 Nxb7 20. Ne4 Be7 21. c6 Nbd6 22. Nxd6 Bxd6 23. Bh4+ Kc8 24. cxd7+ Kxd7 25. Rhe1 Rae8 26. Bf2 Rxe1 27. Rxe1 c5 28. g3 Rf8 29. Be3 Re8 30. Bd2 Rxe1+ 31. Bxe1 Ke6 32. Bc3 g6 33. a3 Kd5 34. Nf2 h5 35. Kc2 c4 36. Kd2 Nh6 37. Ke2 Ng4 38. Nxg4 hxg4 39. Kf2 Bc5+ 40. Kg2 Bd4 41. h3 gxh3+ 42. Kxh3 Bxc3 43. bxc3 a5 44. Kg4 b4 0-1

[Event "Alfeld Bezirk 3-ch"]
[Site "Alfeld"]
[Date "2005.10.01"]
[Round "2"]
[White "Schwetje, Siegfried"]
[Black "Chaffai, Ammar"]
[Result "1-0"]
[WhiteElo "1825"]
[BlackElo "1615"]
[PlyCount "95"]
[EventDate "2005.10.01"]
[EventType "swiss"]
[EventRounds "5"]
[EventCountry "GER"]
[SourceTitle "EXT 2007"]
[Source "ChessBase"]
[SourceDate "2006.11.23"]
[SourceVersion "1"]
[SourceVersionDate "2006.11.23"]
[SourceQuality "1"]

1. e4 c5 2. Nf3 Nc6 3. d4 cxd4 4. Nxd4 Nf6 5. Nc3 e5 6. Ndb5 d6 7. Bg5 a6 8. Na3 b5 9. Nd5 Be7 10. Nxe7 Nxe7 11. Qf3 Nc6 12. c3 Be6 13. Rd1 Bxa2 14. Be2 0-0 15. Bxf6 gxf6 16. 0-0 Be6 17. Qd3 Ne7 18. Qxd6 Qxd6 19. Rxd6 f5 20. Bf3 f4 21. g3 fxg3 22. hxg3 Nc8 23. Rc6 Ne7 24. Rc5 f6 25. Rc7 Rf7 26. Rd1 Ng6 27. Rc6 Bc8 28. Rd8+ Rf8 29. Rxf8+ Kxf8 30. Rxf6+ Ke7 31. Rb6 Ra7 32. Nc2 Bd7 33. Be2 Nf8 34. Nb4 a5 35. Nd5+ Kf7 36. Bxb5 a4 37. Ra6 Rb7 38. Bxd7 Nxd7 39. Rxa4 Rxb2 40. Ra7 Ke6 41. Ra6+ Kf7 42. Rc6 Re2 43. Rc4 Re1+ 44. Kg2 Nf8 45. Ne3 Ne6 46. Ng4 Ng5 47. Nxe5+ Ke6 48. Nf3 1-0

[Event "Northeim CES 1st"]
[Site "Northeim"]
[Date "2005.04.14"]
[Round "2"]
[White "Becker, Martin Alexander"]
[Black "Schwetje, Siegfried"]
[Result "1-0"]
[WhiteElo "2296"]
[BlackElo "2034"]
[PlyCount "53"]
[EventDate "2005.04.14"]
[EventType "swiss"]
[EventRounds "7"]
[EventCountry "GER"]
[SourceTitle "CBM 105 Extra"]
[Source "ChessBase"]
[SourceDate "2005.05.01"]
[SourceVersion "1"]
[SourceVersionDate "2005.05.01"]
[SourceQuality "1"]

1. d4 Nf6 2. c4 g6 3. Nc3 d5 4. cxd5 Nxd5 5. Bd2 Bg7 6. e4 Nxc3 7. Bxc3 c5 8. d5 0-0 9. Qd2 b6 10. Nf3 e6 11. Bc4 Ba6 12. Bxg7 Kxg7 13. Qc3+ Kg8 14. dxe6 Bxc4 15. Qxc4 Qe7 16. Qd5 Na6 17. exf7+ Qxf7 18. Qxf7+ Rxf7 19. 0-0-0 Re8 20. Rhe1 Nb4 21. a3 Nc6 22. Rd6 Nd4 23. Nxd4 cxd4 24. f3 Rc7+ 25. Kb1 Rc4 26. Rd1 Rec8 27. R6xd4 1-0